|
|
|
|
| LEADER |
00840nam a2200229 i 4500 |
| 001 |
c000254802 |
| 003 |
CARM |
| 005 |
00000000000000.0 |
| 008 |
840925s1937 ay 0 eng d |
| 019 |
1 |
|
|a 9249705
|5 LACONCORD2021
|
| 035 |
|
|
|a (OCoLC)9368445
|5 LACONCORD2021
|
| 082 |
0 |
4 |
|a 355.009895
|
| 100 |
1 |
|
|a Abad, Plácido,
|d 1878-
|
| 245 |
1 |
0 |
|a Emancipadores del pueblo oriental :
|b plana mayor de Artigas.
|
| 260 |
|
|
|a Montevideo :
|b Impr. Militar ,
|c 1937.
|
| 300 |
|
|
|a 167 p. :
|b ports.
|
| 500 |
|
|
|a Cover title.
|
| 610 |
1 |
0 |
|a Uruguay.
|b Ejército
|x Biography.
|
| 651 |
|
0 |
|a Uruguay
|x History, Military.
|
| 852 |
8 |
|
|b CARM
|h A1:AQ11D0
|i C08953
|p 0363318
|f BK
|
| 999 |
f |
f |
|i 1ce2492f-bd89-5e2b-b123-3823ebe560ba
|s a160fa2f-6eac-5448-b3d9-f985a18fb772
|
| 952 |
f |
f |
|p Can circulate
|a CAVAL
|b CAVAL
|c CAVAL
|d CARM 1 Store
|e C08953
|f A1:AQ11D0
|h Other scheme
|i book
|m 0363318
|